00656nam a2200169 a 450000100100000000500170001000800410002704000250006810000270009324500690012026000730018930000200026250000730028204900090035595201050036499900170046900003247020200930065646.0110718s1961 dr 000 0 spa d aDO-SdBNPbspacBNPHU1 aLockward, George9850810aCooperativas en pequeños estados de Europa /cGeorge Lockward. aCiudad Trujillo, República Dominicana :bEditora El Caribe,c1961. a50 p. ;c22 cm. aIncluye referencias bibliográficas y notas al pie de las páginas aBNPD 001050718RVaPDbPDcCTd2011-07-18iLF1l0o p32470-10r2020-06-25w2020-06-25y1ZNo se presta c31961d31961